La nueva integración económica de América Latina y el Caribe (Registro nro. 122189)

Detalles MARC
000 -LEADER
campo de control de longitud fija 01454nab a2200385 a 4500
001 - NÚMERO DE CONTROL
campo de control 122189
003 - IDENTIFICADOR DE NÚMERO DE CONTROL
campo de control FlNmELB
005 - FECHA Y HORA DE LA ÚLTIMA TRANSACCIÓN
campo de control 20241217175418.0
006 - CÓDIGOS DE INFORMACIÓN DE LONGITUD FIJA--CARACTERÍSTICAS DEL MATERIAL ADICIONAL
campo de control de longitud fija m o d |
007 - CAMPO FIJO DE DESCRIPCIÓN FÍSICA--INFORMACIÓN GENERAL
campo de control de longitud fija cr cn|||||||||
008 - DATOS DE LONGITUD FIJA--INFORMACIÓN GENERAL
campo de control de longitud fija 200701r20012006mx |||||s|||||||||||spa d
022 ## - NÚMERO INTERNACIONAL NORMALIZADO PARA PUBLICACIONES SERIADAS
Número Internacional Normalizado para Publicaciones Seriadas 1665-1219
ISSN Cancelado 1665121-9100
035 ## - NÚMERO DE CONTROL DEL SISTEMA
Número de control de sistema (OCoLC)955363903
040 ## - FUENTE DE CATALOGACIÓN
Centro catalogador/agencia de origen FlNmELB
Lengua de catalogación spa
Centro/agencia transcriptor FlNmELB
050 #4 - SIGNATURA TOPOGRÁFICA DE LA BIBLIOTECA DEL CONGRESO
Número de clasificación HC125
Número de ítem S669 2001eb
080 ## - NÚMERO DE LA CLASIFICACIÓN DECIMAL UNIVERSAL
Número de la Clasificación Decimal Universal 33:339.9
100 1# - ENTRADA PRINCIPAL--NOMBRE DE PERSONA
Nombre de persona Sánchez Daza, Germán.
222 #0 - TÍTULO CLAVE
Título clave Aportes
245 13 - MENCIÓN DEL TÍTULO
Título La nueva integración económica de América Latina y el Caribe
Medio [recurso electronico]
Resto del título balance y perspectivas en el cambio de siglo /
Mención de responsabilidad, etc. Germán Sánchez Daza.
260 ## - PUBLICACIÓN, DISTRIBUCIÓN, ETC.
Lugar de publicación, distribución, etc. Puebla :
Nombre del editor, distribuidor, etc. Red Aportes,
Fecha de publicación, distribución, etc. 2001.
300 ## - DESCRIPCIÓN FÍSICA
Extensión 159-166 p.
362 0# - FECHAS DE PUBLICACIÓN Y/O DESIGNACIÓN SECUENCIAL
Fecha de publicación y/o designación secuencial Vol. VI, Núm. 017 (Mayo-Ago. 2001)-
533 ## - NOTA DE REPRODUCCIÓN
Tipo de reproducción Recurso electrónico. Santa Fe, Arg.: e-libro, 2015. Disponible vía World Wide Web. El acceso puede estar limitado para las bibliotecas afiliadas a e-libro.
650 #4 - PUNTO DE ACCESO ADICIONAL DE MATERIA--TÉRMINO DE MATERIA
Término de materia o nombre geográfico como elemento de entrada Economía.
651 #0 - PUNTO DE ACCESO ADICIONAL DE MATERIA--NOMBRE GEOGRÁFICO
Nombre geográfico Latin America
Subdivisión general Economic integration.
651 #0 - PUNTO DE ACCESO ADICIONAL DE MATERIA--NOMBRE GEOGRÁFICO
Nombre geográfico Latin America
Subdivisión general Foreign economic relations.
651 #0 - PUNTO DE ACCESO ADICIONAL DE MATERIA--NOMBRE GEOGRÁFICO
Nombre geográfico Latin America
Subdivisión general Commerce.
651 #0 - PUNTO DE ACCESO ADICIONAL DE MATERIA--NOMBRE GEOGRÁFICO
Nombre geográfico Caribbean Area
Subdivisión general Economic integration.
651 #0 - PUNTO DE ACCESO ADICIONAL DE MATERIA--NOMBRE GEOGRÁFICO
Nombre geográfico Caribbean Area
Subdivisión general Foreign economic relations.
651 #0 - PUNTO DE ACCESO ADICIONAL DE MATERIA--NOMBRE GEOGRÁFICO
Nombre geográfico Caribbean Area
Subdivisión general Commerce.
655 #4 - TERMINO DE INDIZACIÓN--GENERO/FORMA
Datos o término principal de género/forma Artículos electrónicos.
710 2# - ENTRADA AGREGADA--NOMBRE DE ENTIDAD CORPORATIVA
Nombre de entidad corporativa o nombre de jurisdicción como elemento de entrada e-libro, Corp.
740 02 - ENTRADA AGREGADA--TÍTULO RELACIONADO/ANALÍTICO NO CONTROLADO
Título relacionado o analítico no controlado Aportes.
856 40 - LOCALIZACIÓN Y ACCESO ELECTRÓNICOS
Identificador Uniforme de Recurso <a href="https://elibro.net/ereader/politecnicointernacional/23781">https://elibro.net/ereader/politecnicointernacional/23781</a>

No hay ítems disponibles.


Politécnico Internacional

Institución de Educación Superior
Vigilado Mineducación.
SNES 4727 +4135 DEL 11 de nov. de 2004

Sedes

Sede Norte - Av. Boyacá 138 - 70

Sede Sur - Autopista Sur No 67 - 71

Sede Av Chile - Calle 73 Nº 10-45

Información Legal

Derechos Pecuniarios | Habeas Data | Reglamento Biblioteca


Compartir

YouTube | Twitter | Facebook | LinkedIn


Comunícate con nosotros:

Admisiones: 60-1-7950000
Atención al cliente: 60-1-4005700